Philosophy of God : Faith and Traditions (Record no. 226903)

MARC details
000 -LEADER
fixed length control field 01547nam a22002897a 4500
005 - DATE AND TIME OF LATEST TRANSACTION
control field 20230306154930.0
008 - FIXED-LENGTH DATA ELEMENTS--GENERAL INFORMATION
fixed length control field 230306b ||||| |||| 00| 0 eng d
020 ## - INTERNATIONAL STANDARD BOOK NUMBER
International Standard Book Number 9789351483779
040 ## - CATALOGING SOURCE
Transcribing agency AL
041 ## - LANGUAGE CODE
Language code of text/sound track or separate title Eng
082 ## - DEWEY DECIMAL CLASSIFICATION NUMBER
Edition number 23
Classification number 231
Item number DESP
100 ## - MAIN ENTRY--PERSONAL NAME
Personal name Cyril Desbruslais
100 ## - MAIN ENTRY--PERSONAL NAME
9 (RLIN) 74291
245 ## - TITLE STATEMENT
Title Philosophy of God : Faith and Traditions
260 ## - PUBLICATION, DISTRIBUTION, ETC.
Place of publication, distribution, etc. Pune
Name of publisher, distributor, etc. Jnana Deepa Vidyapeeth
Date of publication, distribution, etc. 2019
300 ## - PHYSICAL DESCRIPTION
Extent x,129 p.
Other physical details PB
Dimensions 23x15.5 cm.
365 ## - TRADE PRICE
Price type code 02302
Currency code
Unit of pricing ₹250.00
Price effective from 01-12-2022
440 ## - SERIES STATEMENT/ADDED ENTRY--TITLE
Title JDV Philosophy Series-10
9 (RLIN) 74292
520 ## - SUMMARY, ETC.
Summary, etc. Who is God? How can we relate to him? How can we visualise a spiritual leader? Borrowing from the classical Philosophy of God, Dr Cyril Desbruslais makes the philosophical reflections on God relevant for our times. The author has taken up critical reflection on our understanding of God and thence takes up the debate on whether God's existence can be proved or not.<br/>Besides the normal questions like proving God's existence, evil, creation-evolution, comparative religions, myths-idols, he attempts to relate the issue of God to human fulfilment. He lays stress on personal encounter with God and challenges us to transform ourselves and the world, by experiencing God as a lived reality in our midst.
650 ## - SUBJECT ADDED ENTRY--TOPICAL TERM
Topical term or geographic name entry element Theism
9 (RLIN) 74293
650 ## - SUBJECT ADDED ENTRY--TOPICAL TERM
Topical term or geographic name entry element Interfaith relations
9 (RLIN) 74294
650 ## - SUBJECT ADDED ENTRY--TOPICAL TERM
Topical term or geographic name entry element God (Christianity)
9 (RLIN) 74295
650 ## - SUBJECT ADDED ENTRY--TOPICAL TERM
Topical term or geographic name entry element Christianity
9 (RLIN) 74296
650 ## - SUBJECT ADDED ENTRY--TOPICAL TERM
Topical term or geographic name entry element Hinduism
9 (RLIN) 74297
700 ## - ADDED ENTRY--PERSONAL NAME
Personal name DESBRUSLAIS (Cyril)
9 (RLIN) 74298
700 ## - ADDED ENTRY--PERSONAL NAME
Personal name PANDIKATTU (Kuruvilla) Ed
9 (RLIN) 74299
942 ## - ADDED ENTRY ELEMENTS (KOHA)
Source of classification or shelving scheme Dewey Decimal Classification
Koha item type Book
Holdings
Withdrawn status Lost status Source of classification or shelving scheme Damaged status Not for loan Collection code Home library Current library Date acquired Source of acquisition Cost, normal purchase price Total Checkouts Full call number Barcode Date last seen Cost, replacement price Price effective from Koha item type
    Dewey Decimal Classification     Others St Aloysius Library St Aloysius Library 03/02/2023 Papal Seminary Pune Maharashtra 411014 250.00   231 DESP 076429 03/06/2023 250.00 03/06/2023 Book